Länder Wortkette - Statistiken

Allgemein
  • Dieses Quiz wurde 140 mal gespielt
  • Das Durchschnittsergebnis liegt bei 11 aus 23
Antwortstatistiken
Hinweis Antwort % Korrekt
63% der Landesfläche gehören zu den Alpen Österreich
95%
Das Land der Legosteine Dänemark
83%
Zahlreiche Vulkane, Geysire und heiße Quellen prägen das Bild des Inselstaates Island
80%
Die Heimat des Himalaya-Gebirge Nepal
77%
In diesem Land kann man den Uluru betrachten Australien
72%
Auch bekannt als "Swasiland" Eswatini
65%
Auf diesem Land leben die Schlitzrüssler noch heute Haiti
59%
Das Land liegt am Tiefst gelegenem See der Erde Israel
54%
Die Hauptstadt dieses Landes heißt Libreville Gabun
51%
Auf Arabisch bedeutet sein Name "Festung in der Nähe des Meeres Kuwait
51%
In diesem Land wurde eine Stadt zum zweitem mal als Kulturhauptstadt Europas ernannt Luxemburg
49%
Die in diesem Land lebende Volksgruppe wird "Tutsi" genannt Ruanda
49%
Die Lebenserwartung lag bis 1985 bei 40 Jahren Niger
45%
Die Flagge dieses Europäischen Landes ist bis auf den Farbton identisch mit einer Flagge aus Afrika Rumänien
44%
Das Land der Millionen Elefanten Laos
43%
Bis 1984 trug dieses Land den Namen "Obervolta" Burkina Faso
39%
Das zweit Teuerste Land der Welt Schweiz
30%
Gustav Nachtigal errichtet 1884 eine Schutzherrschaft über dieses Land Togo
27%
Das Reichste Land in der 70er Jahren Nauru
25%
Neun Tage nach der Ausrufung der Unabhängigkeit besetzte ein Land dieses für 24 Jahre Osttimor
25%
Die beliebtesten Kindernamen lauten "Sofia-Maxym" (stand 2021) Ukraine
25%
Holz und Diamanten sind die wichtigsten Exportgüter Zentralafrikanische Republik
20%
In der Meerenge zwischen beiden Inseln liegt das Eiland "Booby Island" St Kitts und Nevis
15%
Keine übereinstimmenden Quizze gefunden
Verteilung der Resultate
Anzahl Personen mit jedem Resultat
Perzentil nach korrekt beantworteten Fragen
Ihre Resultats-Entwicklung
Sie haben dieses Quiz noch nicht gespielt